منهج استخراج الأحكام الفقهية للنوازل المعاصرة : دراسة تأصيلية تطبيقية /
محفوظ في:
| المؤلف الرئيسي: | |
|---|---|
| مؤلفون آخرون: | |
| التنسيق: | أطروحة |
| اللغة: | Arabic |
| منشور في: |
Makkah al-Mukarramah :
Jami'at Umm al-Qura,
2000
|
| الموضوعات: | |
| الوسوم: |
إضافة وسم
لا توجد وسوم, كن أول من يضع وسما على هذه التسجيلة!
|
| LEADER | 018390000a22003250004500 | ||
|---|---|---|---|
| 008 | 100907s2000 su f00 0000 00ara d | ||
| 040 | |a UIAM |b eng | ||
| 041 | |a ara | ||
| 050 | |a BP145 | ||
| 100 | 1 | |a قحطاني، مسفر بن علي بن محمد |9 91400 | |
| 242 | 1 | 0 | |a Manhaj istikhraj al-ahkam al-fiqhiyah lil-nawazil al-mu'asirah : |b dirasah ta'siliyah tatbiqiyah |
| 245 | 1 | 0 | |a منهج استخراج الأحكام الفقهية للنوازل المعاصرة : |b دراسة تأصيلية تطبيقية / |c اعداد مسفر بن علي بن محمد القحطاني |
| 260 | |a Makkah al-Mukarramah : |b Jami'at Umm al-Qura, |c 2000 | ||
| 300 | |a 404 leaves ; |c 30 cm. | ||
| 336 | |2 rdacontent | ||
| 337 | |2 rdamedia | ||
| 338 | |2 rdacarrier | ||
| 500 | |a "رسالة لنيل درجة الدكتوراة في الفقه واصوله "On t.p. | ||
| 502 | |a Thesis (Ph. D.)--Jami'at Umm al-Qura | ||
| 650 | |a Islamic law |x Sources Criticism, interpretation, etc. |9 26720 | ||
| 650 | |a Islamic law |x History |y 21st century |9 91401 | ||
| 655 | |a Theses, Facsimile edition (Islamic) | ||
| 700 | |a Qahtani, Musfir ibn 'Ali ibn Muhammad |9 91402 | ||
| 710 | |a Jami'at Umm al-Qura. |b Kulliyat al-Shari'ah wa al-Dirasat al-Islamiyah. Qism al-Dirasat al-'Ulya |9 91403 | ||
| 710 | |a جامعة أم القرى. |b كلية الشريعة والدراسات الاسلامية. قسم الدراسات العليا |9 88224 | ||
| 900 | |a sz-ami-naw | ||
| 942 | |2 lcc |n 0 | ||
| 999 | |c 434023 |d 466885 | ||
| 952 | |0 0 |6 TI BP 000145 Q000011M 002000 |7 0 |8 THESES |9 753027 |a IIUM |b IIUM |c MULTIMEDIA |g 891.00 |o ti BP 145 Q11M 2000 |p 00011203171 |r 2017-10-23 |t 1 |v 891.00 |y THESIS | ||
| 952 | |0 0 |6 TI BP 000145 Q000011M 002000 |7 0 |8 THESES |9 754655 |a IIUM |b IIUM |c MULTIMEDIA |g 891.00 |o ti BP 145 Q11M 2000 |p 00011203170 |r 2017-10-23 |t 1 |v 891.00 |y THESIS | ||
